Member States of the Commonwealth of Nations on a Map - Statistics

General Stats
  • This quiz has been taken 87 times
  • The average score is 46 of 54
Answers on the Map
Answers color-coded by a green-red scale on the quiz's map according to % correct below.
 
Answer Stats
Answer % Correct
United Kingdom
100%
Australia
97%
India
97%
New Zealand
96%
Canada
93%
Kenya
91%
Bahamas
90%
Grenada
90%
Jamaica
90%
Antigua and Barbuda
88%
Pakistan
88%
Saint Kitts and Nevis
88%
South Africa
88%
Tanzania
88%
Barbados
87%
Belize
87%
Fiji
87%
Saint Vincent and the Grenadines
87%
Vanuatu
87%
Zambia
87%
Bangladesh
86%
Botswana
86%
Kiribati
86%
Nigeria
86%
Saint Lucia
86%
Tonga
86%
Trinidad and Tobago
86%
Eswatini
84%
Lesotho
84%
Malawi
84%
Malaysia
84%
Sri Lanka
84%
Tuvalu
84%
Uganda
84%
Nauru
83%
Samoa
83%
Singapore
83%
Dominica
81%
Maldives
81%
Malta
81%
Mauritius
81%
Solomon Islands
81%
Ghana
80%
Papua New Guinea
80%
Seychelles
80%
Cyprus
78%
Guyana
77%
Namibia
77%
Rwanda
77%
Cameroon
75%
Gambia
75%
Brunei
74%
Mozambique
74%
Sierra Leone
71%
No matching quizzes found
Score Distribution
Percent of People with Each Score
Percentile by Number Answered
Your Score History
You have not taken this quiz